[Event "GER-chB Seniors 27th"]
[Site "Magdeburg"]
[Date "2015.08.16"]
[Round "2"]
[White "Babichev, Vyacheslav"]
[Black "Josting, Friedel"]
[Result "0-1"]
[WhiteElo "1823"]
[BlackElo "1942"]
[PlyCount "66"]
[EventDate "2015.08.15"]
[EventType "swiss"]
[EventRounds "9"]
[EventCountry "GER"]
[SourceTitle "EXT 2018"]
[Source "ChessBase"]
[SourceDate "2017.10.13"]
[SourceVersion "1"]
[SourceVersionDate "2017.10.13"]
[SourceQuality "1"]

1. e4 c5 2. Nf3 e6 3. d4 cxd4 4. Nxd4 a6 5. Nc3 Nc6 6. Be3 Nf6 7. Nxc6 bxc6 8. e5 Nd5 9. Nxd5 cxd5 10. Bd3 d6 11. f4 dxe5 12. fxe5 Qc7 13. Bd4 Bc5 14. c3 Rb8 15. b3 Bxd4 16. cxd4 Qc3+ 17. Ke2 0-0 18. Rc1 Qb4 19. Re1 g6 20. Ke3 Bd7 21. Re2 f6 22. Qd2 Qe7 23. Rf2 fxe5 24. Rxf8+ Rxf8 25. Bxa6 exd4+ 26. Kd3 e5 27. Kc2 Qa3 28. Be2 Qxa2+ 29. Kd1 Qxb3+ 30. Ke1 Bb5 31. Bxb5 Qxb5 32. Qg5 Rf1+ 33. Kd2 Rf2+ 0-1